| 000 | 00733cab a2200217 4500 | ||
|---|---|---|---|
| 001 | WB3507-41 | ||
| 008 | 090401t1999 xxu||||| |||| 00| 0 eng d | ||
| 035 | _a(Sirsi) u91374 | ||
| 041 | _aeng | ||
| 245 | _aFair rent outcry | ||
| 260 | _c1999 | ||
| 350 | _a0 | ||
| 490 |
_aFarmers' Weekly _v130(7) 12 February 1999, 22(1) |
||
| 520 | _aAccording to Strutt and Parker a new limit on fair rent increases amounts to state control. The government has announced that the first re-registration of a rent will be limited to a maximum increase of RPI plus 7.5%. | ||
| 650 | _aFAIR RENTS | ||
| 650 | _aOPEN MARKET RENTS | ||
| 650 | _aRENT INCREASES | ||
| 690 | _aPROPERTY-LANDLORD AND TENANT | ||
| 942 | _n0 | ||
| 948 | _c17/02/1999 | ||
| 999 |
_c57997 _d57997 |
||